Ville Japonaise ou Tank Allemand ? - Statistiques

Statistiques générales
  • Ce quiz a été pris 495 fois
  • Le résultat moyen est 19 sur 20
Statistiques - réponses
Hint Réponse % Correct
Panzerkampfwagen Tank Allemand
98%
Osaka Ville Japonaise
98%
Yokohama Ville Japonaise
98%
Fukushima Ville Japonaise
98%
Siegfried Tank Allemand
97%
Neubaufahrzeug Tank Allemand
97%
Waffenträger Tank Allemand
97%
Nagoya Ville Japonaise
97%
Tiger Tank Allemand
96%
Grosstraktor Tank Allemand
96%
Miyazaki Ville Japonaise
96%
Niigata Ville Japonaise
96%
Sendai Ville Japonaise
96%
Saitama Ville Japonaise
95%
Nikkō Ville Japonaise
95%
Sapporo Ville Japonaise
94%
Aomori Ville Japonaise
94%
Nara Ville Japonaise
93%
Naruto Ville Japonaise
90%
Hakone Ville Japonaise
89%
Aucun quiz correspondant
Distribution des résultats
% des personnes avec chaque résultat
Percentile par nombre de réponses
Votre historique - résultats
Vous n’avez pas pris ce quiz